LEADER 01320nam0 2200337 i 450 001 CAG0648781 005 20170908093255.0 010 $a8804524006 020 $aIT$b2004-7872 100 $a20041115d2003 ||||0itac50 ba 101 | $aita 102 $ait 181 1$6z01$ai $bxxxe 182 1$6z01$an 200 1 $aFuga dal Natale$fJohn Grisham$gtraduzione di Tullio Dobner 210 $aMilano$cMondadori$d2003 215 $a153 p.$d18 cm. 225 | $a˜I œmiti$v280 410 0$1001RMR0047277$12001 $a˜I œmiti$v280 500 10$aSkipping Christmas.$3CFI0586250$9CFIV107353$91484134 676 $a813$9NARRATIVA AMERICANA IN INGLESE$v14 700 1$aGrisham$b, John$3CFIV107353$4070$0184981 702 1$aDobner$b, Tullio$3CFIV017568 801 3$aIT$bIT-NA0079$c20041115 850 $aIT-AV0007$aIT-SA0108 912 $aCAG0648781 950 0$aBiblioteca provinciale Scipione e Giulio Capone$b1 v.$c1 v.$d AVSEZ. M C 13386$e AVACQ0000462835 N 1 v.$fA $h20030204$i20030204 950 0$aBiblioteca comunale Aldo Moro$c1 v.$d NSBIBLIOTECA813 GRISJ$e NS 0000035315 B 2 1 v.$fT $h20170330$i20170330 977 $a AV$a NS 996 $aSkipping Christmas$91484134 997 $aUNISANNIO LEADER 00880cam0-2200325---450 001 990004079000403321 005 20240619143207.0 035 $aFED01000407900 035 $a(Aleph)000407900FED01 035 $a000407900 100 $a19990604d1983----km-y0itay50------ba 101 0 $aita 102 $aIT 105 $ay-------001yy 200 1 $aMarx e Croce$ela guerra di religione del nostro tempo$fManlio Ciardo 210 $aNapoli$cProcaccini$d1983 215 $a211 p.$d24 cm 610 0 $aCroce, Benedetto 610 0 $aMarx, Karl 676 $a193 676 $a195 700 1$aCiardo,$bManlio$0157521 801 0$aIT$bUNINA$gRICA$2UNIMARC 901 $aBK 912 $a990004079000403321 952 $a192.13 MARK/S 152$b9749 bibl.$fFLFBC 952 $aP.1 9I CROCE/S 111$bDFM.2088$fFLFBC 959 $aFLFBC 996 $aMarx e Croce$9478591 997 $aUNINA